ARRUPE JESUIT UNIVERSITY

CORONAVIRUS -STOP THE SPREAD - CLEAN,DISINFECT,COVER

Restless identities : (Record no. 124129)

MARC details
000 -LEADER
fixed length control field 01274cam a2200301 a 4500
001 - CONTROL NUMBER
control field 12294192
003 - CONTROL NUMBER IDENTIFIER
control field ARRUPE
005 - DATE AND TIME OF LATEST TRANSACTION
control field 20160209150902.0
008 - FIXED-LENGTH DATA ELEMENTS--GENERAL INFORMATION
fixed length control field 010130s2000 sa ab b 001 0ceng
010 ## - LIBRARY OF CONGRESS CONTROL NUMBER
LC control number 2001321489
020 ## - INTERNATIONAL STANDARD BOOK NUMBER
International Standard Book Number 0869809571
040 ## - CATALOGING SOURCE
Original cataloging agency DLC
Transcribing agency DLC
Modifying agency DLC
043 ## - GEOGRAPHIC AREA CODE
Geographic area code f-sa---
050 00 - LIBRARY OF CONGRESS CALL NUMBER
Classification number DT1926
Item number .L3 2000
082 00 - DEWEY DECIMAL CLASSIFICATION NUMBER
Classification number 320.54/092/3963986068
Edition number 21
300 ## - PHYSICAL DESCRIPTION
Other physical details ill., maps ;
Dimensions 23 cm.
100 1# - MAIN ENTRY--PERSONAL NAME
Personal name La Hausse, Paul.
9 (RLIN) 22179
245 10 - TITLE STATEMENT
Title Restless identities :
Remainder of title signatures of nationalism, Zulu ethnicity, and history in the lives of Petros Lamula (c. 1881-1948) and Lymon Maling (1889-c. 1936) /
Statement of responsibility, etc Paul la Hausse de Lalouvière.
260 ## - PUBLICATION, DISTRIBUTION, ETC. (IMPRINT)
Place of publication, distribution, etc Pietermaritzburg :
Name of publisher, distributor, etc University of Natal Press,
Date of publication, distribution, etc 2000.
300 ## - PHYSICAL DESCRIPTION
Extent xvi, 317 p. :
504 ## - BIBLIOGRAPHY, ETC. NOTE
Bibliography, etc Includes bibliographical references (p. 279-295) and index.
600 10 - SUBJECT ADDED ENTRY--PERSONAL NAME
Personal name Lamula, Petros,
Dates associated with a name 1880 or 1881-1948.
9 (RLIN) 22180
600 10 - SUBJECT ADDED ENTRY--PERSONAL NAME
Personal name Maling, Mengerhausen Lymon Ernest,
Dates associated with a name 1889-1936 or 1937.
9 (RLIN) 22181
610 20 - SUBJECT ADDED ENTRY--CORPORATE NAME
Corporate name or jurisdiction name as entry element Inkatha (Organization : South Africa)
General subdivision History.
9 (RLIN) 22182
610 20 - SUBJECT ADDED ENTRY--CORPORATE NAME
Corporate name or jurisdiction name as entry element African National Congress
General subdivision History
9 (RLIN) 22183
906 ## - LOCAL DATA ELEMENT F, LDF (RLIN)
a 7
b cbc
c orignew
d 3
e ncip
f 20
g y-gencatlg
942 ## - ADDED ENTRY ELEMENTS (KOHA)
Source of classification or shelving scheme Library of Congress Classification
Koha item type Monograph ( Printed materials)
Holdings
Withdrawn status Lost status Source of classification or shelving scheme Damaged status Not for loan Collection code Home library Current library Shelving location Date acquired Total Checkouts Full call number Barcode Date last seen Price effective from Koha item type
    Library of Congress Classification     Main Collection ARRUPE LIBRARY ARRUPE LIBRARY Main Collection 09/02/2016   DT1926 .L3 2000 46500006205 07/12/2017 09/02/2016 Monograph ( Printed materials)

 

Arrupe Library. PO Box MP320 Mt Pleasant, Harare, Zimbabwe
263 242 745411|librarian@aju.ac.zw